La selectividad en la política industrial : las experiencias de Japón y Francia /

Detalles Bibliográficos
Autor principal: Sáez, Raul Eduardo
Formato: Analitica de revista
Lenguaje:español

MARC

LEADER 00000cab a2200000 a 4500
001 029111
003 UAHC_CL
005 20170803123029.0
008 050528b xx j 000 1 spa
040 |a UAHC_CL  |c UAHC_CL  |d UAHC_CL 
100 1 |a Sáez, Raul Eduardo 
245 1 3 |a La selectividad en la política industrial :  |b las experiencias de Japón y Francia /  |c Raul Eduardo Sáez. 
500 |a Colección Estudios Cieplan, no. 25 Diciembre de 1988, pp. 55-77 
500 |a Colección Estudios Cieplan, no. 25 Diciembre de 1988, pp. 55-77 
900 |a COLECC. ESTUD. CIEPLAN-25/88 
942 |c REVA 
952 |0 0  |1 0  |4 0  |6 COLECC___ESTUD__CIEPLAN25_88_000000000000000  |7 0  |8 General  |9 57271  |a BC  |b BC  |c General  |d 2017-08-03  |l 0  |o COLECC. ESTUD. CIEPLAN-25/88  |p FICTICIO1768  |r 2019-01-08 00:00:00  |t 1  |w 2017-08-03  |y REVA 
999 |c 29111  |d 29111